1071 1922 1247 1789 1009 1517 1601 1087 1745 1140 1214 1605 1890 1890 1932 1133 1677 1619 1468 1573 1686 1580 1260 1186 1829 1207 1154 1059 1872 1059 1964 1806 1248 1565 1833 1193 1228 1805 1441 1493 1317 1313 1513 1515 1323 1187 1767 1928 1418 1732 1630 1769 1700 1346 1564 1410 1541 1353 1096 1439 1443 1706 1620 1225 1125 1288 1883 1614 1630 1722 1801 1076 1856 1396 1298 1372 1462 1951 1712 1119 1133 1594 1465 1597 1168 1290 1452 1311 1797 1260 1543 1836 1712 1087 1963 1260 1615 1111 1062 BCNSPRNW ULIB Ver.6.0+V

เปลี่ยนเป็นภาษาไทย

Change to English
 แสดงรายละเอียดบรรณานุกรม
  กลับหน้าหลัก

Brief Record : Get Marc (ISO 2709) : E-mail record : QR code < ปิดหน้าต่าง
LEADER : 00000nam 2200000uu 4500
001    13399129219
003     ULIB
008    260511s2568||||th 000 0 tha d
020    ^a9786162986680
060 0  ^aW21.5^bล144อ
100 0  ^aลลนา ก้องธรนินทร์.
245 1  ^aอยู่ให้ได้ ตายให้ดี :^bเรียนรู้นาทีชีวิตจากห้องฉุกเฉิน /^cเรื่อง : ลลนา ก้องธรนินทร์, พรรณอร เฉลิมดำริชัย ; ภาพ : พัชรกันย์ พิศาลสุพงศ์ (Plariex).
250    ^aพิมพ์ครั้งที่ 1.
260    ^aกรุงเทพฯ :^bขายหัวเราะ studio,^c2568.
300    ^a141 หน้า :^bภาพประกอบ ;^c21 ซม.
650  4 ^aภาวะฉุกเฉินทางการแพทย์.
650  4 ^aเวชบำบัดวิกฤต.
650  4 ^aเวชศาสตร์ฉุกเฉิน.
700 0  ^aพรรณอร เฉลิมดำริชัย.
700 0  ^aพัชรกันย์ พิศาลสุพงศ์^eผู้วาดภาพประกอบ.
999    ^aประนอม เกษจรัล
รายการนี้ยังไม่มีแท็ก
คุณยังไม่ได้ล็อกอิน คุณสามารถมีกิจกรรมร่วมกับเว็บไซต์ได้ แต่ต้องล็อกอินก่อน ::
  ล็อกอิน

รายการสื่อสารสนเทศ

ลำดับที่ ประเภท เลขเรียก/บาร์โค้ด สถานที่ สถานะ
1. วิทยาศาสตร์การแพทย์ และสุขภาพ
วิทยาศาสตร์การแพทย์ และสุขภาพ
W21.5 ล144อ ฉ.1 
  Barcode: 012213
ห้องสมุดวิทยาเขตสวรรค์ประชารักษ์
►หนังสือทั่วไป
บนชั้น

รายการใกล้เคียง
    หัวเรื่อง [เวชบำบัดวิกฤต.]
    หัวเรื่อง [เวชศาสตร์ฉุกเฉิน.]

BibComment


ยังไม่เคยถูกคอมเมนท์

คอมเมนท์ทรัพยากรรายการนี้
  คอมเมนท์: อยู่ให้ได้ ตายให..


 Copyright 2026. Bcnsprnw @Library